000 00840nam a22002297a 4500
005 20251108172039.0
008 250721s1987 xx 000 0 ara d
082 1 4 _a217.322/سيو
100 1 _aالسيوطي، جلال الدين أبو الفضل عبد الرحمن ...
245 1 0 _aدفع التشنيع في مسألة التسميع /
264 1 _aالكويت :
_bمكتبة دار العروبة للنشر و التوزيع،
_c1987.
300 _a39ص
490 0 _aرسائل السيوطي ؛ 1
650 1 7 _aالمذاهب الإسلامية
650 1 7 _aالصلاة
650 1 7 _aالإسلام
650 1 7 _aالحديث الشريف
700 1 _aجمعه، خالد عبد الكريم
_eتحقيق
700 1 _aعبد القادر، عبد القادر أحمد
942 _2ddc
_cBK
999 _c69071
_d69071